Stretol sa rok s rokom

Analýza stavu slovenského hospodárstva za rok 1995. Hlavné ekonomické ukazovatele: HDP, inflácia a nezamestnanosť. Rozpočtové hospodárenie. Problémy podnikovej sféry. Prognózy na rok 1996. Výdavky štátneho rozpočtu navrhnuté na rok 1996. Tieňová ekonomika.

Salvato in:
Dettagli Bibliografici
Autore principale: Košnár, Jozef
Natura: Capitolo di libro
Lingua:slovacco
Soggetti:
Tags: Aggiungi Tag
Nessun Tag, puoi essere il primo ad aggiungerne!!

MARC

LEADER 00000naa a2200000 4500
001 r019558
005 20230811094745.0
041 0 |a slo 
044 |a SK 
245 1 0 |a Stretol sa rok s rokom  |c Jozef Košnár 
520 |a Analýza stavu slovenského hospodárstva za rok 1995. Hlavné ekonomické ukazovatele: HDP, inflácia a nezamestnanosť. Rozpočtové hospodárenie. Problémy podnikovej sféry. Prognózy na rok 1996. Výdavky štátneho rozpočtu navrhnuté na rok 1996. Tieňová ekonomika. 
610 2 0 |a makroekonomika 
610 2 0 |a Slovensko 
610 2 0 |a 1995 
610 2 0 |a situácia hospodárska 
610 2 0 |a ukazovatele ekonomické 
610 2 0 |a produkt domáci hrubý 
610 2 0 |a inflácia 
610 2 0 |a nezamestnanosť 
610 2 0 |a rozpočet štátny 
610 2 0 |a prognózy hospodárske 
610 2 0 |a 1996 
100 1 |a Košnár, Jozef